书目信息 |
| 题名: |
百毒解方
|
|
| 作者: | 宋卫平 , 刘建民 编著 | |
| 分册: | ||
| 出版信息: | 南宁 广西民族出版社 1989.06 |
|
| 页数: | 107页 | |
| 开本: | 32开 | |
| 丛书名: | ||
| 单 册: | ||
| 中图分类: | R289.2 | |
| 科图分类: | ||
| 主题词: | 方剂学 | |
| 电子资源: | ||
| ISBN: | 7-5363-3340-4 | |
| 000 | 00582nam0 2200205 45 | |
| 001 | 0005091666 | |
| 005 | 20000509164521.1 | |
| 010 | @a7-5363-3340-4@d4.80元 | |
| 100 | @a20000509d1989 km y0chiy0120 ea | |
| 101 | 0 | @achi |
| 105 | @a z 000yy | |
| 200 | 1 | @a百毒解方@ABai Du Jie Fang@f宋卫平,刘建民编著@FSong Wei Ping,Liu Jian Min Bian Zhu |
| 210 | @a南宁@c广西民族出版社@d1989.06 | |
| 215 | @a107页@d32开 | |
| 606 | 0 | @a方剂学 |
| 690 | @aR289.2@v3 | |
| 701 | 0 | @a宋卫平@4编著 |
| 701 | 0 | @a刘建民@4编著 |
| 801 | @aCN@bPftUser@c20000509 | |
| 905 | @b301463-464@dR289.2@eS697@f2 | |
| 百毒解方/宋卫平,刘建民编著.-南宁:广西民族出版社,1989.06 |
| 107页;32开 |
| ISBN 7-5363-3340-4:4.80元 |
| ● |
| 相关链接 |
|
|
|
正题名:百毒解方
索取号:R289.2/S697
 
预约/预借
| 序号 | 登录号 | 条形码 | 馆藏地/架位号 | 状态 | 备注 |
| 1 | 301463 | 203014638 | 自科库401/401自科库 12排4列5层/ [索取号:R289.2/S697] | 在馆 | |
| 2 | 301464 | 203014647 | 自科库401/401自科库 12排4列5层/ [索取号:R289.2/S697] | 在馆 |